| 000 | 00000cas 2200000za 4500 |
| 001 | 9.507963 |
| 003 | CaOODSP |
| 005 | 20260408090403 |
| 007 | cr ||||||||||| |
| 008 | 150406c20159999oncmr p o f0 a0eng| |
| 022 | |a2368-8025 |
| 040 | |aCaOODSP|beng |
| 043 | |an-cn--- |
| 086 | 1 |aH167-1E-PDF |
| 222 | 0|aHealth product infoWatch |
| 245 | 00|aHealth product infoWatch |h[electronic resource]. |
| 260 | |aOttawa : |bHealth Canada, Marketed Health Products Directorate, |c[2015]- |
| 310 | |aMonthly |
| 362 | 1 |aBegan with Jan. 2015. |
| 500 | |aIssued also in French under title: InfoVigilance sur les produits de santé. |
| 690 | 07|aAdverse effects|2gcpds |
| 690 | 07|aHealth care products|2gcpds |
| 710 | 1 |aCanada. |bHealth Canada. |bMarketed Health Products Directorate. |
| 775 | 08|tInfoVigilance sur les produits de santé |w(CaOODSP)9.504341 |
| 780 | 00|tCanadian adverse reaction newsletter |w(CaOODSP)9.505060 |
| 986 | |aPub.: 190000 |